[Event "Detroit (Class C/2/3)"]
[Site "?"]
[Date "1996.??.??"]
[Round "?"]
[White "Kane, Paul"]
[Black "Motley, Gerald"]
[Result "1-0"]
[WhiteElo "1605"]
[BlackElo "1605"]
[PlyCount "99"]
[EventDate "1996.??.??"]

{2/(3)} 1. d4 e6 2. c4 h6 3. Nc3 Nf6 4. e4 d6 5. Nf3 Be7 6. Be2 Nbd7 7. O-O b6
8. Qc2 Bb7 9. e5 dxe5 10. Nxe5 Bd6 11. f4 c5 12. Nb5 Be7 13. Be3 a6 14. Nc3 Rc8
15. b3 Qc7 16. Bf3 h5 17. Bxb7 Qxb7 18. Rad1 Ng4 19. Nxg4 hxg4 20. f5 cxd4 21.
Bxd4 e5 22. Be3 b5 23. Nd5 bxc4 24. Nxe7 Kxe7 25. bxc4 Qc6 26. Rc1 Nf6 27. Qb3
Kf8 28. Rfe1 Kg8 29. a4 Rh5 30. Qc2 Qd7 31. Rf1 Qc6 32. a5 e4 33. Bb6 Qd6 34.
g3 Qe5 35. c5 e3 36. Qe2 Rxf5 37. Rxf5 Qxf5 38. Qxe3 Re8 39. Qd4 Re6 40. c6 Re8
41. c7 Qc8 42. Rd1 Kh7 43. Qc4 Nd7 44. Qd3+ g6 45. Qxd7 Re1+ 46. Kf2 Qb7 47.
Qxf7+ Kh6 48. Qf4+ Kh5 49. Rxe1 Qc6 50. Re5+ 1-0

[Event "Howell (US Am N/1/46)"]
[Site "?"]
[Date "1996.??.??"]
[Round "?"]
[White "Kane, Paul"]
[Black "Michaels, M."]
[Result "1-0"]
[WhiteElo "1605"]
[BlackElo "1605"]
[PlyCount "41"]
[EventDate "1996.??.??"]

{1/(46)} 1. d4 e5 2. dxe5 Nc6 3. Nf3 Bc5 4. Nc3 f6 5. exf6 Qxf6 6. Ne4 Qe5 7.
Nxc5 Qxc5 8. e4 Nf6 9. b3 Ng4 10. Qe2 Qc3+ 11. Qd2 Qxa1 12. c3 Qb1 13. Bd3 Qa1
14. O-O Nb4 15. Ba3 Qxa2 16. Bxb4 Qxb3 17. Qg5 Qe6 18. Qxg7 Rg8 19. Qxh7 d5 20.
exd5 Qxd5 21. Qe7# 1-0

[Event "Lansing (MOR/1b/16)"]
[Site "?"]
[Date "1996.??.??"]
[Round "?"]
[White "Kane, Paul"]
[Black "Jaynes, K."]
[Result "1/2-1/2"]
[WhiteElo "1605"]
[BlackElo "1605"]
[PlyCount "69"]
[EventDate "1996.??.??"]

1. d4 Nf6 2. c4 c5 3. d5 b5 4. cxb5 a6 5. bxa6 d6 6. Nc3 g6 7. e4 Bg7 8. Bd3
O-O 9. Nf3 Bxa6 10. Bxa6 Rxa6 11. O-O Nbd7 12. Qe2 Qb6 13. Nd2 Rfa8 14. a3 Ne8
15. Nc4 Qb3 16. Qd3 Ne5 17. Nxe5 Bxe5 18. f4 Bxc3 19. Qxc3 Qxc3 20. bxc3 Ra4
21. Re1 Nf6 22. e5 Nxd5 23. exd6 exd6 24. Rd1 Nxc3 25. Rxd6 Ne2+ 26. Kf2 Nxc1
27. Rxc1 Rxf4+ 28. Ke3 Rfa4 29. Rxc5 Rxa3+ 30. Rd3 Re8+ 31. Kd2 Ra2+ 32. Rc2
Rxc2+ 33. Kxc2 Re2+ 34. Rd2 Rxd2+ 35. Kxd2 1/2-1/2

[Event "Howell (US Am N/3/35)"]
[Site "?"]
[Date "1996.??.??"]
[Round "?"]
[White "Kane, Paul"]
[Black "Goerke, Jesse"]
[Result "1-0"]
[WhiteElo "1605"]
[BlackElo "1605"]
[PlyCount "45"]
[EventDate "1996.??.??"]

{3/(35)} 1. d4 e6 2. c4 Nc6 3. Nc3 Nf6 4. Nf3 Bb4 5. Qc2 d5 6. e3 Ne4 7. Bd3
Nxc3 8. bxc3 dxc4 9. Bxc4 Ba5 10. Ba3 Qf6 11. O-O e5 12. d5 Ne7 13. Qa4+ Kd8
14. Qxa5 b6 15. Qb4 c5 16. dxc6 Nxc6 17. Qd6+ Qxd6 18. Bxd6 Bb7 19. Rad1 Ke8
20. Ng5 h6 21. Bxf7+ Kd7 22. Bxe5+ Kc8 23. Be6# 1-0

[Event "Lansing (MOR/5/26)"]
[Site "?"]
[Date "1996.??.??"]
[Round "?"]
[White "Kane, Paul"]
[Black "Frantz, John W"]
[Result "1-0"]
[WhiteElo "1605"]
[BlackElo "1605"]
[PlyCount "85"]
[EventDate "1996.??.??"]

{5/(26)} 1. d4 Nf6 2. c4 e6 3. Nc3 d5 4. Bg5 Nbd7 5. cxd5 Bb4 6. dxe6 fxe6 7.
Qb3 Bxc3+ 8. bxc3 Nb6 9. e4 h6 10. Bb5+ c6 11. Bxf6 Qxf6 12. Bd3 g5 13. Ne2 Bd7
14. a4 Bc8 15. e5 Qf7 16. O-O Nd5 17. c4 Nf4 18. Nxf4 gxf4 19. Qc2 Rg8 20. Be4
Bd7 21. c5 h5 22. Rfb1 Rb8 23. a5 h4 24. h3 f3 25. Kh1 Rxg2 26. Rg1 Ke7 27.
Rxg2 fxg2+ 28. Kg1 a6 29. Ra3 Rg8 30. Rf3 Qg7 31. Rf4 Qg5 32. Rg4 Qxg4 33. hxg4
h3 34. f3 Kd8 35. Qf2 Rh8 36. Kh2 Bc8 37. f4 Ke7 38. g5 Bd7 39. Qg3 Kf7 40. g6+
Kg7 41. Qg5 g1=Q+ 42. Kxg1 Rf8 43. Qe7+ 1-0

[Event "Kalamazoo (MI Am/5/6)"]
[Site "?"]
[Date "1996.??.??"]
[Round "?"]
[White "Kane, Paul"]
[Black "Ferguson, G."]
[Result "0-1"]
[WhiteElo "1605"]
[BlackElo "1825"]
[PlyCount "74"]
[EventDate "1996.??.??"]

{5/(6)} 1. d4 Nf6 2. c4 c5 3. d5 b5 4. cxb5 a6 5. b6 Qxb6 6. Nc3 g6 7. e4 d6 8.
Be2 Bg7 9. Rb1 O-O 10. Nf3 a5 11. O-O Bd7 12. Nd2 a4 13. Nc4 Qc7 14. f3 Na6 15.
Na3 Nb4 16. Bb5 Bxb5 17. Naxb5 Qb6 18. Qe2 Rfb8 19. Kh1 Nxa2 20. Nxa2 Qxb5 21.
Nc3 Qxe2 22. Nxe2 Nd7 23. Nf4 a3 24. Rf2 a2 25. Ra1 c4 26. Rc2 Nc5 27. Ne2 Nb3
28. Rxa2 Rxa2 29. Rxc4 Ra1 30. h3 Nxc1 31. Rxc1 Rxc1+ 32. Nxc1 Rxb2 33. Nd3 Rd2
34. Nb4 Be5 35. Kg1 Bg3 36. Kf1 Rf2+ 37. Kg1 Rb2 0-1

[Event "Kalamazoo (MI Am/3/7)"]
[Site "?"]
[Date "1996.??.??"]
[Round "?"]
[White "Kane, Paul"]
[Black "Drysdale, Gilbert"]
[Result "0-1"]
[WhiteElo "1605"]
[BlackElo "1840"]
[PlyCount "102"]
[EventDate "1996.??.??"]

{3/(7)} 1. d4 Nf6 2. c4 c5 3. d5 b5 4. cxb5 a6 5. b6 Qxb6 6. Nc3 d6 7. e4 g6 8.
Be2 Bg7 9. Rb1 O-O 10. Nf3 Bg4 11. Nd2 Bxe2 12. Qxe2 Nbd7 13. Nc4 Qc7 14. O-O
Rfb8 15. Bd2 Rb7 16. Na4 Rb5 17. Nc3 Rb7 18. Kh1 Ne5 19. Nxe5 dxe5 20. f3 Ne8
21. Rfc1 Nf6 22. Na4 Nd7 23. b3 Rb5 24. Rc2 Rc8 25. Rbc1 Qd6 26. Be3 e6 27.
dxe6 Qxe6 28. Nxc5 Nxc5 29. Rxc5 Rcb8 30. Rxb5 axb5 31. Rc5 b4 32. Rd5 Qc6 33.
Qd2 Qc7 34. h3 Bf8 35. Rd7 Qc8 36. Qd5 Qe8 37. Kh2 Ra8 38. Qd2 Rxa2 39. Qxa2
Qxd7 40. g4 Qd3 41. Qf2 Qxb3 42. Kg3 Qc4 43. Bd2 Bc5 44. Qe1 b3 45. Bc3 Bd4 46.
Bd2 Qc2 47. Be3 Bxe3 48. Qxe3 b2 49. Qb6 b1=Q 50. Qd8+ Kg7 51. g5 Qg1+ 0-1

[Event "Ann Arbor (Mini-Swiss/2/8)"]
[Site "?"]
[Date "1996.??.??"]
[Round "?"]
[White "Kane, Paul"]
[Black "Boyle, John"]
[Result "0-1"]
[WhiteElo "1610"]
[BlackElo "1605"]
[PlyCount "66"]
[EventDate "1996.??.??"]

{2/(8)} 1. d4 d5 2. Nf3 Nf6 3. c4 e6 4. Bg5 Nbd7 5. Nc3 Be7 6. e3 O-O 7. cxd5
exd5 8. Bd3 b6 9. O-O Bb7 10. Qc2 h6 11. Bh4 Rc8 12. Rac1 Ne4 13. Bxe7 Qxe7 14.
Nb5 Ndf6 15. Nxa7 Ra8 16. Nc6 Qd6 17. a3 Rfe8 18. Nfe5 Re6 19. Rfd1 Nd7 20.
Bxe4 dxe4 21. d5 Ree8 22. Nc4 Qf6 23. Nd2 Qg6 24. Nb4 Rac8 25. Nc6 Ne5 26. Qxe4
Qf6 27. Qd4 Bxc6 28. dxc6 Rcd8 29. Qc3 Rd3 30. Qb4 Red8 31. Rc2 Nxc6 32. Qc4
Na5 33. Kf1 Nxc4 0-1

[Event "Detroit (Class C/4/5)"]
[Site "?"]
[Date "1996.??.??"]
[Round "?"]
[White "Kane, Paul"]
[Black "Belill, Matt"]
[Result "1-0"]
[WhiteElo "1605"]
[BlackElo "1605"]
[PlyCount "67"]
[EventDate "1996.??.??"]

{4/(5)} 1. d4 d5 2. c4 Nf6 3. Nc3 Bf5 4. Bf4 Nbd7 5. e3 Nh5 6. Qxh5 Bg6 7. Qd1
e6 8. cxd5 exd5 9. Nxd5 Bd6 10. Bxd6 cxd6 11. Rc1 Qa5+ 12. Nc3 Nf6 13. Bd3 Bh5
14. Qa4+ Qxa4 15. Nxa4 O-O 16. Ne2 Rab8 17. Nf4 Bg4 18. f3 Bd7 19. Nc3 b5 20.
b4 Rb7 21. Ne4 Nxe4 22. Bxe4 Rbb8 23. Kf2 Be6 24. d5 Bd7 25. Rc7 Be8 26. Rhc1
f5 27. Bd3 Bf7 28. Ne6 Rfe8 29. Bxf5 g6 30. Bh3 Ra8 31. e4 Rf8 32. Ng5 Rae8 33.
Nxf7 Rxf7 34. Be6 1-0

[Event "Kalamazoo (MI Am/1/30)"]
[Site "?"]
[Date "1996.??.??"]
[Round "?"]
[White "Kane, Paul"]
[Black "Bassett, J."]
[Result "1-0"]
[WhiteElo "1605"]
[BlackElo "1605"]
[PlyCount "47"]
[EventDate "1996.??.??"]

{1/(30)} 1. d4 d5 2. c4 e6 3. Nc3 Nf6 4. Bg5 Be7 5. Nf3 O-O 6. e3 Nc6 7. Bd3 e5
8. dxe5 d4 9. exd4 Nd7 10. Bxe7 Nxe7 11. Qc2 b6 12. Bxh7+ Kh8 13. Qe4 g6 14.
Bxg6 fxg6 15. Qxa8 c6 16. Ne4 Bb7 17. Qxb7 c5 18. d5 b5 19. Nfg5 Nxe5 20. Ne6
Nd3+ 21. Kf1 Qa5 22. Qxe7 Rxf2+ 23. Nxf2 Nxf2 24. Qg7# 1-0

[Event "Lansing (MOR/7/24)"]
[Site "?"]
[Date "1996.??.??"]
[Round "?"]
[White "Kane, Paul"]
[Black "Andreas, L."]
[Result "1-0"]
[WhiteElo "1605"]
[BlackElo "1605"]
[PlyCount "71"]
[EventDate "1996.??.??"]

{7/(24)} 1. d4 Nf6 2. c4 e5 3. dxe5 Ng4 4. Bf4 Nc6 5. Nf3 Bb4+ 6. Nbd2 Qe7 7.
a3 Bxd2+ 8. Qxd2 Ngxe5 9. Nxe5 Nxe5 10. e3 O-O 11. Be2 d6 12. O-O Be6 13. Rac1
Rad8 14. Qb4 c5 15. Qc3 f6 16. Rfd1 b6 17. b3 a5 18. e4 Qb7 19. f3 Qe7 20. Qe1
f5 21. exf5 Rxf5 22. Bg3 d5 23. f4 Ng6 24. Bg4 Rf6 25. Bxe6+ Rxe6 26. Qf1 Red6
27. Re1 Qf6 28. f5 Qd4+ 29. Bf2 Qg4 30. fxg6 Rxg6 31. cxd5 Rf8 32. Rc3 Qd7 33.
Qc4 Rxg2+ 34. Kxg2 Rxf2+ 35. Kxf2 Qf5+ 36. Rf3 1-0

[Event "Howell (US Am N/5/29)"]
[Site "?"]
[Date "1996.??.??"]
[Round "?"]
[White "Kane, Paul"]
[Black "Afshar, N."]
[Result "1-0"]
[WhiteElo "1605"]
[BlackElo "1605"]
[PlyCount "85"]
[EventDate "1996.??.??"]

{5/(29)} 1. d4 Nf6 2. c4 g6 3. Nc3 Bg7 4. e4 d6 5. Nf3 O-O 6. Be2 c5 7. d5 h6
8. O-O Bg4 9. Ne1 Bxe2 10. Qxe2 Nbd7 11. Nd3 Kh7 12. f3 Ng8 13. Bd2 a6 14. Rab1
e6 15. b4 exd5 16. Nxd5 Ngf6 17. bxc5 Nxd5 18. cxd5 Ne5 19. cxd6 Nc4 20. Bf4 b5
21. e5 Re8 22. Rfe1 Nxd6 23. Rbd1 Ra7 24. Qf2 Nc8 25. d6 Qd7 26. Nc5 Qc6 27. d7
Rd8 28. dxc8=Q Rxc8 29. Ne4 Raa8 30. Rc1 Qe6 31. Rxc8 Rxc8 32. Nf6+ Kh8 33. Qd2
g5 34. Bg3 Bf8 35. Qd3 Bc5+ 36. Kh1 Kg7 37. Qh7+ Kf8 38. Qxh6+ Ke7 39. Qxg5 Rd8
40. Ne4+ Ke8 41. Nxc5 Qg6 42. Qf6 Qh7 43. Bh4 1-0

[Event "Lansing (MI Op/5/3)"]
[Site "?"]
[Date "1996.??.??"]
[Round "?"]
[White "Kamberi, Sonny"]
[Black "Zaremba, Andrei"]
[Result "1/2-1/2"]
[WhiteElo "2305"]
[BlackElo "2175"]
[PlyCount "60"]
[EventDate "1996.??.??"]

{5/(3)} 1. e4 c6 2. d4 d5 3. Nc3 dxe4 4. Nxe4 Bf5 5. Ng3 Bg6 6. h4 h6 7. h5 Bh7
8. Nf3 Nd7 9. Bd3 Bxd3 10. Qxd3 Qc7 11. Bd2 Ngf6 12. O-O-O e6 13. Ne4 Nxe4 14.
Qxe4 Nf6 15. Qe2 O-O-O 16. g3 c5 17. Bf4 Bd6 18. Bxd6 Rxd6 19. dxc5 Qxc5 20.
Rxd6 Qxd6 21. Ne5 Qc7 22. Rh4 Kb8 23. Rc4 Qe7 24. Rd4 Rc8 25. Nc4 Qc5 26. Qe5+
Qxe5 27. Nxe5 Rc5 28. f4 Kc7 29. g4 Rd5 30. Rxd5 Nxd5 1/2-1/2

[Event "Ann Arbor (Fall Open/1/1)"]
[Site "?"]
[Date "1996.??.??"]
[Round "?"]
[White "Kamberi, Sonny"]
[Black "Townsend, Paul"]
[Result "1-0"]
[WhiteElo "2265"]
[BlackElo "1905"]
[PlyCount "35"]
[EventDate "1996.??.??"]

{1/(1)} 1. e4 e6 2. d4 b6 3. Nf3 Bb7 4. Bd3 c5 5. c3 cxd4 6. cxd4 d5 7. e5 Bb4+
8. Bd2 Bxd2+ 9. Qxd2 Ba6 10. Nc3 Bxd3 11. Qxd3 Ne7 12. Nb5 Nc8 13. Rc1 Na6 14.
Qa3 Qe7 15. Qxa6 Qb4+ 16. Nc3 Qxb2 17. O-O O-O 18. Qb7 1-0

[Event "Lansing (MI Op/2/22)"]
[Site "?"]
[Date "1996.??.??"]
[Round "?"]
[White "Kamberi, Sonny"]
[Black "Thurman, John"]
[Result "1-0"]
[WhiteElo "2305"]
[BlackElo "1730"]
[PlyCount "43"]
[EventDate "1996.??.??"]

{2/(22)} 1. e4 e6 2. d4 d5 3. Nd2 c5 4. exd5 exd5 5. Ngf3 Nc6 6. Bb5 Bg4 7. O-O
cxd4 8. Re1+ Be7 9. Nb3 Nf6 10. Nbxd4 Rc8 11. h3 Bxf3 12. Qxf3 O-O 13. Nf5 Re8
14. Bg5 Rc7 15. Nxg7 Kxg7 16. Bxf6+ Bxf6 17. Rxe8 Qxe8 18. Qg3+ Kh8 19. Qxc7
Qe7 20. Qc8+ Qd8 21. Qxb7 Nd4 22. Bd3 1-0

[Event "Detroit (MEX/1/9)"]
[Site "?"]
[Date "1996.??.??"]
[Round "?"]
[White "Kamberi, Sonny"]
[Black "Sloan, Thomas"]
[Result "1-0"]
[WhiteElo "2180"]
[BlackElo "2160"]
[PlyCount "55"]
[EventDate "1996.??.??"]

{1/(9)} 1. e4 c5 2. c3 Nf6 3. e5 Nd5 4. d4 Nc6 5. Bc4 Nc7 6. Nf3 d5 7. exd6
Qxd6 8. O-O b5 9. Be2 c4 10. a4 a6 11. axb5 axb5 12. Rxa8 Nxa8 13. b3 Nb6 14.
bxc4 bxc4 15. Ba3 Qd5 16. Nbd2 e6 17. Qa1 Be7 18. Bxe7 Nxe7 19. Rb1 Qd6 20. Qa5
Ned5 21. Nxc4 Nxc4 22. Qb5+ Bd7 23. Qb8+ Ke7 24. Qxh8 Nxc3 25. Re1 Nxe2+ 26.
Rxe2 Bb5 27. Qxg7 Qa3 28. Qg5+ 1-0

[Event "Lansing (MI Op/7/5)"]
[Site "?"]
[Date "1996.??.??"]
[Round "?"]
[White "Kamberi, Sonny"]
[Black "Linn, Peter"]
[Result "1/2-1/2"]
[WhiteElo "2305"]
[BlackElo "2110"]
[PlyCount "125"]
[EventDate "1996.??.??"]

{7/(5)} 1. e4 d5 2. exd5 Nf6 3. c4 e6 4. dxe6 Bxe6 5. Nf3 Nc6 6. d4 Bb4+ 7. Nc3
Ne4 8. Bd2 Bxc3 9. bxc3 Qe7 10. Be3 Bg4 11. Rc1 f5 12. Be2 Bxf3 13. gxf3 Nf6
14. O-O O-O 15. Bg5 h6 16. Bxf6 Qxf6 17. Qd2 Qh4 18. Bd3 Ne7 19. Kh1 Ng6 20.
Rg1 Nf4 21. Rce1 Rf7 22. Bf1 Kh8 23. Re5 Raf8 24. d5 g5 25. Qd4 Kh7 26. c5 Ng6
27. Qxh4 Nxh4 28. Bg2 Ng6 29. Re3 Nf4 30. Rd1 Rd7 31. c4 Rfd8 32. Rde1 c6 33.
d6 b6 34. Re7+ Kg6 35. Rxd7 Rxd7 36. cxb6 axb6 37. Rd1 c5 38. h3 Kf6 39. Kh2
Ke6 40. h4 Rxd6 41. Re1+ Kf6 42. hxg5+ hxg5 43. Kg3 Re6 44. Rb1 Ke5 45. Bf1 Kd4
46. Rb3 Re1 47. Bh3 Nxh3 48. Kxh3 Re6 49. f4 gxf4 50. Kh4 Rg6 51. Kh5 Rg2 52.
f3 Kxc4 53. Rxb6 Kd4 54. a4 c4 55. Rd6+ Ke3 56. Rc6 Kd3 57. a5 Ra2 58. a6 c3
59. Kg5 Ra4 60. Kxf5 c2 61. Rd6+ Ke3 62. Rc6 Kd3 63. Rd6+ 1/2-1/2

[Event "Ann Arbor (Fall Open/3/1)"]
[Site "?"]
[Date "1996.??.??"]
[Round "?"]
[White "Kamberi, Sonny"]
[Black "Hartwig, Thomas"]
[Result "1-0"]
[WhiteElo "2265"]
[BlackElo "1925"]
[PlyCount "67"]
[EventDate "1996.??.??"]

{3/(1)} 1. d4 Nf6 2. Nf3 d5 3. c4 c6 4. cxd5 cxd5 5. Nc3 Nc6 6. Qb3 Na5 7. Qc2
g6 8. Bf4 Bf5 9. Qa4+ Nc6 10. e3 Qb6 11. Qb5 Qxb5 12. Bxb5 Bg7 13. Rc1 O-O 14.
Bxc6 bxc6 15. Ne5 Nh5 16. Nxc6 Nxf4 17. exf4 e6 18. Ne7+ Kh8 19. Nxf5 gxf5 20.
Ne2 Rfb8 21. Rc2 Rb4 22. O-O Bxd4 23. a3 Ra4 24. b3 Bxf2+ 25. Kxf2 Rxa3 26. Nd4
a5 27. Rb1 a4 28. b4 Rd3 29. Nc6 Rb3 30. Rcb2 Rxb2+ 31. Rxb2 a3 32. Ra2 Ra6 33.
b5 Rb6 34. Nd8 1-0

[Event "Detroit (MEX/4/2)"]
[Site "?"]
[Date "1996.??.??"]
[Round "?"]
[White "Kamberi, Sonny"]
[Black "Hahn, David"]
[Result "1/2-1/2"]
[WhiteElo "2180"]
[BlackElo "2215"]
[PlyCount "39"]
[EventDate "1996.??.??"]

{4/(2)} 1. d4 c5 2. c3 Nf6 3. Nf3 e6 4. e3 b6 5. Bd3 Bb7 6. Nbd2 Nc6 7. O-O Be7
8. Qc2 d5 9. dxc5 Bxc5 10. e4 Qc7 11. e5 Ng4 12. b4 Bf8 13. Re1 g6 14. h3 Nh6
15. Nb3 Bg7 16. b5 Na5 17. Nxa5 bxa5 18. Ba3 Bf8 19. Bxf8 Kxf8 20. Rac1 {
[Remainder illegible; 1/2-1/2, 37?]} 1/2-1/2

[Event "Lansing (MI Op/3/13)"]
[Site "?"]
[Date "1996.??.??"]
[Round "?"]
[White "Kamberi, Sonny"]
[Black "Burch, Daniel"]
[Result "1-0"]
[WhiteElo "2305"]
[BlackElo "1735"]
[PlyCount "47"]
[EventDate "1996.??.??"]

{3/(13)} 1. e4 e5 2. Nf3 Nc6 3. Bc4 Nf6 4. d4 exd4 5. O-O Be7 6. Nxd4 d6 7. Nc3
Bd7 8. h3 O-O 9. f4 Na5 10. Be2 Qc8 11. e5 dxe5 12. fxe5 Ne8 13. Nd5 Bd8 14.
Bd3 Nc6 15. Nf5 Be6 16. Qf3 Qd7 17. Qe4 g6 18. Nh6+ Kh8 19. Nf4 Ng7 20. Be3 Nf5
21. Nxe6 fxe6 22. g4 Nxe3 23. Rxf8+ Kg7 24. Rf7+ 1-0

[Event "Kalamazoo (MI Am/3/14)"]
[Site "?"]
[Date "1996.??.??"]
[Round "?"]
[White "Juntunen, Michael"]
[Black "Welch, Joseph"]
[Result "1-0"]
[WhiteElo "1605"]
[BlackElo "1670"]
[PlyCount "51"]
[EventDate "1996.??.??"]

{3/(14)} 1. c4 Nf6 2. Nc3 g6 3. d4 d5 4. Nf3 Bg7 5. Bg5 c6 6. e3 O-O 7. Qc2
dxc4 8. Bxc4 b5 9. Bb3 a5 10. a3 Bb7 11. O-O Nbd7 12. Rfd1 Rc8 13. Qe2 Re8 14.
Ne5 e6 15. Qf3 Qc7 16. Nxd7 Nxd7 17. Qe2 Nf6 18. Rac1 Qb6 19. Rc2 Ba6 20. Qf3
Nd5 21. Rdc1 Bb7 22. Ne4 Bf8 23. Bxd5 cxd5 24. Nf6+ Kg7 25. Nxe8+ Rxe8 26. Rc7
1-0

[Event "Kalamazoo (Swiss/1/7)"]
[Site "?"]
[Date "1996.??.??"]
[Round "?"]
[White "Juntunen, Michael"]
[Black "Pleasant, Andrew"]
[Result "1-0"]
[WhiteElo "1605"]
[BlackElo "1605"]
[PlyCount "67"]
[EventDate "1996.??.??"]

{1/(7)} 1. c4 c5 2. g3 Nc6 3. Bg2 Nf6 4. Nc3 e6 5. e4 Be7 6. Nf3 O-O 7. d4 b6
8. O-O d6 9. e5 dxe5 10. dxe5 Ng4 11. h3 Nh6 12. Bxh6 gxh6 13. Qc1 Ba6 14. Ne4
Nd4 15. Qxh6 Nxf3+ 16. Bxf3 Bxc4 17. Rfd1 Bd5 18. Nf6+ Bxf6 19. exf6 Qxf6 20.
Qxf6 Rad8 21. h4 a5 22. h5 h6 23. Bxd5 exd5 24. Qxh6 f6 25. Qg6+ Kh8 26. h6 Rd7
27. Rxd5 Rh7 28. Rd7 Rxd7 29. Re1 Rg8 30. Qxf6+ Kh7 31. Re6 Rg6 32. Qf5 Rd8 33.
Qxg6+ Kh8 34. Qg7# 1-0

[Event "Kalamazoo (MI Am/1/9)"]
[Site "?"]
[Date "1996.??.??"]
[Round "?"]
[White "Juntunen, Michael"]
[Black "Lubben, Don"]
[Result "1-0"]
[WhiteElo "1605"]
[BlackElo "1875"]
[PlyCount "165"]
[EventDate "1996.??.??"]

{1/(9)} 1. c4 Nf6 2. Nc3 g6 3. d4 Bg7 4. Nf3 d6 5. Bg5 Nbd7 6. e4 c5 7. e5 dxe5
8. dxe5 Ng4 9. Nd5 Ngxe5 10. Bxe7 Qa5+ 11. Nd2 Bf8 12. Bh4 Bd6 13. Nf6+ Nxf6
14. Bxf6 O-O 15. Be2 Re8 16. O-O Bf5 17. f4 Nd7 18. Bc3 Qc7 19. g3 Re3 20. Bg4
Bd3 21. Re1 Rae8 22. Rxe3 Rxe3 23. Nf1 Bxf1 24. Kxf1 Qc6 25. Kf2 Re8 26. Bf3
Qc7 27. Qd3 Nf8 28. Bd5 b6 29. Qf3 Ne6 30. Re1 Bf8 31. Qd3 Bg7 32. f5 Bxc3 33.
bxc3 Ng7 34. Rxe8+ Nxe8 35. fxg6 hxg6 36. Qxg6+ Ng7 37. Qg4 Qe7 38. h4 Qf6+ 39.
Qf3 Qxf3+ 40. Kxf3 Kf8 41. g4 Ke7 42. h5 Kf6 43. Kf4 Ne8 44. g5+ Kg7 45. h6+
Kf8 46. Ke5 Nc7 47. Kf6 Ne8+ 48. Ke5 Nc7 49. Be4 Ne8 50. h7 Kg7 51. Bf5 f6+ 52.
gxf6+ Nxf6 53. Kd6 Nh5 54. Kc6 Ng3 55. Bc2 Ne2 56. Kb7 Nxc3 57. Kxa7 b5 58. Kb6
bxc4 59. a3 Nd5+ 60. Kxc5 Ne3 61. Be4 c3 62. a4 c2 63. Bxc2 Nxc2 64. a5 Ne3 65.
a6 Nf5 66. h8=Q+ Kxh8 67. a7 Kg7 68. a8=Q Kg6 69. Kd5 Kf6 70. Qc6+ Kg5 71. Ke5
Ng3 72. Qf6+ Kg4 73. Qf4+ Kh3 74. Qf3 Kh4 75. Kf4 Nh5+ 76. Kf5 Ng3+ 77. Kg6 Kh3
78. Kg5 Kh2 79. Kg4 Nf1 80. Qf2+ Kh1 81. Qxf1+ Kh2 82. Qe2+ Kg1 83. Kg3 1-0

[Event "Howell (US Am N/2/46)"]
[Site "?"]
[Date "1996.??.??"]
[Round "?"]
[White "Juntunen, Michael"]
[Black "Hooker, Larry"]
[Result "0-1"]
[WhiteElo "1605"]
[BlackElo "1605"]
[PlyCount "100"]
[EventDate "1996.??.??"]

{2/(46)} 1. c4 e5 2. e4 Nf6 3. Nc3 Bc5 4. Nf3 Ng4 5. d4 exd4 6. Nxd4 Nxf2 7.
Kxf2 Qf6+ 8. Qf3 Bxd4+ 9. Be3 Bxe3+ 10. Kxe3 Qb6+ 11. Kd3 Nc6 12. Kc2 Nd4+ 13.
Kc1 Nxf3 14. gxf3 Qe3+ 15. Kc2 Qxf3 16. Be2 Qf6 17. Raf1 Qc6 18. Rhg1 O-O 19.
Nd5 Qd6 20. h4 b6 21. Rf6 Qh2 22. Rg5 Qxe2+ 23. Kc3 h6 24. Rxh6 g6 25. e5 Rd8
26. Nf6+ Kf8 27. Rh8+ Kg7 28. Rh7+ Kf8 29. Rh8+ Kg7 30. Rxd8 Qe3+ 31. Kc2 Qf2+
32. Kc3 Qe1+ 33. Kb3 Qxh4 34. Rg8+ Kh6 35. Rg4 Qxg4 36. Nxg4+ Kg5 37. Nf6 Bb7
38. Rxa8 Bxa8 39. Nxd7 Bc6 40. Nf6 Kf5 41. Kc3 Kxe5 42. Ng4+ Kf4 43. Nf2 g5 44.
Kd2 g4 45. Ke1 g3 46. Nh3+ Kf3 47. Ng1+ Kg2 48. Ne2 Kh3 49. Kf1 Kh2 50. Ng1
Bg2+ 0-1

[Event "Howell (US Am N/6/23)"]
[Site "?"]
[Date "1996.??.??"]
[Round "?"]
[White "Juntunen, Michael"]
[Black "Grams, Paul"]
[Result "0-1"]
[WhiteElo "1605"]
[BlackElo "1800"]
[PlyCount "88"]
[EventDate "1996.??.??"]

{6/(23)} 1. c4 Nf6 2. Nc3 d5 3. d4 g6 4. Nf3 Bg7 5. Qc2 O-O 6. Bg5 Re8 7. e3 c6
8. h3 Nbd7 9. Bd3 dxc4 10. Bxc4 Nb6 11. Bd3 Nfd5 12. a3 Qc7 13. O-O Bd7 14. Ne4
Bf5 15. Rfe1 Nd7 16. Rac1 e5 17. Bc4 Qb6 18. Bd3 exd4 19. Nd6 Bxd3 20. Qxd3 Re6
21. Nc4 Qc7 22. Nxd4 Ree8 23. b3 Nc5 24. Qc2 Ne4 25. Bf4 Nxf4 26. exf4 Qxf4 27.
Nf3 Rad8 28. Re3 Nd6 29. g3 Qf6 30. Nce5 Qf5 31. Qc5 Ne4 32. Qc4 Nd6 33. Qc3
Qxh3 34. Rce1 Nf5 35. Ng5 Qh5 36. Ngxf7 Nxe3 37. Nxd8 Nd5 38. Qa5 Rxe5 39. Rc1
Nf4 40. Qc7 Ne2+ 41. Kg2 Nxc1 42. Qf7+ Kh8 43. Ne6 Rxe6 44. Qxe6 Qd5+ 0-1

[Event "Howell (US Am N/4/43)"]
[Site "?"]
[Date "1996.??.??"]
[Round "?"]
[White "Juntunen, Michael"]
[Black "Goerke, Jesse"]
[Result "1/2-1/2"]
[WhiteElo "1605"]
[BlackElo "1605"]
[PlyCount "90"]
[EventDate "1996.??.??"]

{4/(43)} 1. c4 e5 2. Nc3 Nf6 3. h3 Nc6 4. e4 g6 5. Nf3 Bg7 6. Be2 O-O 7. b3 b6
8. Bb2 Bb7 9. Qc2 Nb4 10. Qb1 Nc6 11. Nd5 Re8 12. O-O d6 13. a3 a5 14. Qc2 Ne7
15. Nxf6+ Bxf6 16. Nh2 Bc8 17. f4 Bd7 18. Ng4 Nc6 19. Nxf6+ Qxf6 20. fxe5 Qg5
21. Qd3 Nxe5 22. Bxe5 Rxe5 23. Kh2 Rae8 24. Bf3 Bc6 25. Rae1 d5 26. cxd5 Bxd5
27. Qc2 f5 28. d4 Bxe4 29. Qc4+ R5e6 30. Bxe4 fxe4 31. Qxc7 Qe7 32. Rc1 e3 33.
d5 Qxc7+ 34. Rxc7 e2 35. Re1 Re3 36. d6 Rd8 37. d7 Re7 38. Rxe2 Rexd7 39. Rxd7
Rxd7 40. Re6 Rb7 41. Kg3 Kf7 42. Rc6 b5 43. Ra6 Rc7 44. Kh2 Rc3 45. Rxa5 Rxb3
1/2-1/2

[Event "Kalamazoo (Swiss/3/2)"]
[Site "?"]
[Date "1996.??.??"]
[Round "?"]
[White "Juntunen, Michael"]
[Black "Ferguson, G."]
[Result "0-1"]
[WhiteElo "1605"]
[BlackElo "1825"]
[PlyCount "76"]
[EventDate "1996.??.??"]

{3/(2)} 1. c4 Nf6 2. Nc3 d6 3. d4 g6 4. e4 Bg7 5. Nf3 c6 6. Bd3 O-O 7. Bg5 h6
8. Bh4 Qa5 9. O-O Qh5 10. Ne2 Bg4 11. Nf4 Qxh4 12. Nxh4 Bxd1 13. Raxd1 g5 14.
Nf5 gxf4 15. Nxe7+ Kh8 16. e5 dxe5 17. dxe5 Ng4 18. e6 fxe6 19. Ng6+ Kg8 20.
Nxf8 Kxf8 21. b3 Ne5 22. Bc2 Na6 23. Rfe1 Nb4 24. Bb1 Ke7 25. a3 Na6 26. Ba2
Rg8 27. Kf1 Bf6 28. b4 Nc7 29. Re4 f3 30. g3 Rg4 31. Re3 Nxc4 32. Red3 Nd5 33.
Rc1 Ne5 34. Rdd1 Re4 35. Bb1 Re2 36. h3 Rb2 37. Ke1 Bg5 38. Rc2 Rb3 0-1

[Event "Lansing (MI Op/3/36)"]
[Site "?"]
[Date "1996.??.??"]
[Round "?"]
[White "June, Brian"]
[Black "McCarter, Robert"]
[Result "1-0"]
[WhiteElo "1835"]
[BlackElo "1775"]
[PlyCount "57"]
[EventDate "1996.??.??"]

{3/(36)} 1. e4 c5 2. Nf3 d6 3. d4 cxd4 4. Nxd4 Nf6 5. Nc3 a6 6. Be3 e5 7. Nb3
Be6 8. Be2 Be7 9. O-O O-O 10. Bg5 b5 11. Bxf6 Bxf6 12. Nd5 Nd7 13. c4 bxc4 14.
Bxc4 Nc5 15. f3 Be7 16. Qd2 Bg5 17. Qe2 Nxb3 18. axb3 a5 19. Rfd1 Bxd5 20. Rxd5
Qb6+ 21. Kf1 Rfd8 22. Qd3 Kf8 23. Rb5 Qd4 24. Qxd4 exd4 25. Rd5 Rdc8 26. Raxa5
Rxa5 27. Rxa5 Rb8 28. Ke2 f6 29. Ra7 1-0

[Event "Lansing (MI Op/5/21)"]
[Site "?"]
[Date "1996.??.??"]
[Round "?"]
[White "June, Brian"]
[Black "Hater, David"]
[Result "0-1"]
[WhiteElo "1835"]
[BlackElo "1970"]
[PlyCount "109"]
[EventDate "1996.??.??"]

{5/(21)} 1. d4 Nf6 2. Nf3 g6 3. Bf4 Bg7 4. e3 c5 5. Be2 Qb6 6. Qc1 Nc6 7. c3 d6
8. h3 Bf5 9. O-O cxd4 10. exd4 Rc8 11. Na3 Nd5 12. Nc4 Nxf4 13. Qxf4 Qc7 14.
Ne3 Bd7 15. Nd5 Qa5 16. Bc4 O-O 17. Rfe1 Be6 18. Qe4 Qd8 19. Bb3 Bxd5 20. Bxd5
e6 21. Bb3 d5 22. Qf4 b5 23. a3 a5 24. Qe3 Qb6 25. Qe2 b4 26. axb4 axb4 27. Qa6
Rb8 28. Qxb6 Rxb6 29. Ba4 Rfb8 30. Bxc6 Rxc6 31. Ne5 Bxe5 32. dxe5 bxc3 33.
bxc3 Rxc3 34. Rec1 Rxc1+ 35. Rxc1 Rb4 36. Re1 Kg7 37. g3 g5 38. Kg2 Kg6 39. g4
Rb3 40. Re2 f6 41. exf6 Kxf6 42. Ra2 Rb7 43. Ra8 d4 44. Rd8 Ke5 45. f3 Rb5 46.
Kf1 Rd5 47. Rb8 Kf4 48. Kf2 d3 49. Rf8+ Ke5 50. Ke1 d2+ 51. Kd1 Rd7 52. Re8 Rf7
53. Kxd2 Rxf3 54. h4 gxh4 55. Rh8 0-1